| 000 | 00552nam a22002057a 4500 | ||
|---|---|---|---|
| 003 | OSt | ||
| 005 | 20160801132830.0 | ||
| 008 | 160801b xxu||||| |||| 00| 0 eng d | ||
| 020 | _a0155067524 | ||
| 040 | _cDDC. | ||
| 082 | _a004.678RED 2001. | ||
| 100 |
_aReddick,Randy;King,Elliot; _910536 |
||
| 245 | _aThe Online Journalist. | ||
| 250 | _a3rd ed. | ||
| 260 |
_aPhiladelphia. _bHarcourt College Publishers, _c2001. |
||
| 300 |
_ax,277p; _bill; _c24cm. |
||
| 504 | _aincludes index. | ||
| 650 |
_aonline journalism. _910537 |
||
| 942 |
_2ddc _cO_SHELF |
||
| 999 |
_c4901 _d4901 |
||